[Event "Superettan(Kamraterna-Schack 08)"]
[Site "?"]
[Date "2020.02.02"]
[Round "6"]
[White "Andersson, Michael"]
[Black "Stenman, Christoffer"]
[Result "1-0"]
[WhiteElo "2155"]
[BlackElo "1936"]
[PlyCount "105"]
[EventDate "2020.??.??"]
1. g3 c5 2. Bg2 Nc6 3. Nc3 g6 4. d3 Bg7 5. a3 d6 6. Rb1 a5 7. a4 e5 8. Bd2 Nge7
9. Qc1 O-O 10. Bh6 Be6 11. Nf3 f6 12. Bxg7 Kxg7 13. O-O Qd7 14. e4 Bh3 15. Nd2
h5 16. Nc4 Rad8 17. Nb5 Nd4 18. Nxd4 exd4 19. Bxh3 Qxh3 20. Nxa5 g5 21. Nc4 h4
22. Qe1 f5 23. f4 fxe4 24. dxe4 gxf4 25. gxf4 Kh7 26. Qf2 Rg8+ 27. Kh1 Rg4 28.
Qf3 Rg3 29. Qh5+ Kg7 30. Rg1 Rh8 31. Rxg3+ hxg3 32. Qxh3 Rxh3 33. Kg2 Rxh2+ 34.
Kxg3 Rxc2 35. Nxd6 b6 36. b3 Nc6 37. Nc4 Na5 38. Nxa5 bxa5 39. Kg4 Rc3 40. Kf5
Kf7 41. Ke5 d3 42. Kd5 d2 43. Rd1 Rc2 44. e5 Rb2 45. f5 Rxb3 46. Rxd2 c4 47.
Kxc4 Rb4+ 48. Kc5 Rf4 49. f6 Ke6 50. Re2 Rxa4 51. Rf2 Kf7 52. e6+ Kf8 53. Rb2
1-0

[Event "Superettan(Kungstornet-Vasteras II)"]
[Site "?"]
[Date "2020.02.02"]
[Round "4"]
[White "Granath, Jonas"]
[Black "Henriksson, Johan"]
[Result "0-1"]
[WhiteElo "1760"]
[BlackElo "2265"]
[PlyCount "92"]
[EventDate "2020.??.??"]
1. d4 d5 2. e4 dxe4 3. Nc3 Nf6 4. Bg5 Bf5 5. Qe2 c6 6. O-O-O e6 7. f3 exf3 8.
Nxf3 Be7 9. Ne5 Nbd7 10. g4 Bg6 11. h4 h6 12. Nxg6 fxg6 13. Bxf6 Nxf6 14. Qd3
Kd7 15. Re1 Qe8 16. Qe3 Bb4 17. Bc4 Nd5 18. Qe5 Bxc3 19. Qxg7+ Qe7 20. Qxe7+
Kxe7 21. bxc3 Kd6 22. Re5 b5 23. Bb3 Rhf8 24. Rhe1 Rae8 25. c4 bxc4 26. Bxc4
Rf4 27. R1e4 Rxe4 28. Rxe4 Rf8 29. Kd2 Rf2+ 30. Re2 Rf4 31. g5 Rxd4+ 32. Bd3
hxg5 33. hxg5 Nf4 34. Re4 c5 35. Ke3 Nxd3 36. cxd3 Kd5 37. a4 a5 38. Rxd4+
cxd4+ 39. Kf4 e5+ 40. Kf3 e4+ 41. dxe4+ Ke5 42. Ke2 Kxe4 43. Kd2 Kd5 44. Ke2
Kc4 45. Kd2 d3 46. Kd1 Kb3 0-1

[Event "Superettan(Kamraterna-Schack 08)"]
[Site "?"]
[Date "2020.02.02"]
[Round "6"]
[White "Sternlund, Hakan"]
[Black "Svenn, Matti"]
[Result "1-0"]
[WhiteElo "2104"]
[BlackElo "2183"]
[PlyCount "55"]
[EventDate "2020.??.??"]
1. c4 g6 2. Nc3 Bg7 3. g3 d6 4. Bg2 Nf6 5. Nf3 O-O 6. d4 Nc6 7. O-O a6 8. b3
Bd7 9. Bd2 Rb8 10. Rc1 e5 11. dxe5 dxe5 12. Be3 Ng4 13. Bc5 Re8 14. h3 Nh6 15.
e4 Qc8 16. Kh2 f6 17. Rc2 Nf7 18. Rd2 Be6 19. Qe2 b6 20. Be3 Ne7 21. c5 b5 22.
Nd5 c6 23. Nxe7+ Rxe7 24. Nh4 f5 25. exf5 gxf5 26. Qh5 Rbb7 27. Rfd1 Rbd7 28.
Nxf5 1-0

[Event "Superettan(Kungstornet-Vasteras II)"]
[Site "?"]
[Date "2020.02.02"]
[Round "4"]
[White "Larsson, Anders"]
[Black "Bjorkman, Filip"]
[Result "1-0"]
[WhiteElo "2196"]
[BlackElo "1950"]
[PlyCount "51"]
[EventDate "2020.??.??"]
1. e4 c5 2. Nf3 Nc6 3. Bb5 g6 4. O-O Bg7 5. Re1 Nf6 6. c3 O-O 7. d4 d5 8. exd5
Nxd5 9. dxc5 Bg4 10. Be2 e6 11. h3 Bxf3 12. Bxf3 Qa5 13. Bxd5 Rfd8 14. Be3 Rxd5
15. Qe2 Rad8 16. Nd2 Bf8 17. Ne4 Bg7 18. a4 Re5 19. Bf4 Rf5 20. b4 Nxb4 21.
cxb4 Qxb4 22. Rab1 Qxa4 23. Bc7 Rd7 24. Bg3 a6 25. Rec1 Rfd5 26. c6 1-0

[Event "Superettan(Kamraterna-Schack 08)"]
[Site "?"]
[Date "2020.02.02"]
[Round "6"]
[White "Madebrink, Lars"]
[Black "Wiklund, Johan"]
[Result "1-0"]
[WhiteElo "2111"]
[BlackElo "1941"]
[PlyCount "89"]
[EventDate "2020.??.??"]
1. d4 Nf6 2. Nf3 e6 3. c4 b6 4. Nc3 Bb4 5. Qc2 Bb7 6. Bd2 O-O 7. g3 d6 8. Bg2
Nbd7 9. O-O Re8 10. Rfe1 e5 11. e4 a5 12. a3 Bxc3 13. Bxc3 exd4 14. Nxd4 Nc5
15. f3 a4 16. Rad1 Ncd7 17. Nf5 Qb8 18. Qc1 Re6 19. Qg5 Qf8 20. Ne3 Kh8 21. Nd5
Nxd5 22. cxd5 Re7 23. Bxg7+ Qxg7 24. Qxe7 f6 25. Qxg7+ Kxg7 26. Bf1 Nc5 27. Bb5
Bc8 28. f4 Bg4 29. Rd4 Ra5 30. Bc6 Bd7 31. e5 fxe5 32. fxe5 Bxc6 33. dxc6 dxe5
34. Rxe5 Kf6 35. Rh5 Kg6 36. Rdh4 Rb5 37. Rh6+ Kf5 38. Rb4 Rxb4 39. axb4 Nd3
40. Rxh7 Nxb2 41. Rxc7 Nc4 42. Ra7 b5 43. c7 Nd6 44. Ra6 Nc8 45. Ra8 1-0

[Event "Superettan(Team Pelaro-Orgryte)"]
[Site "?"]
[Date "2020.02.02"]
[Round "6"]
[White "Le, Quang Long"]
[Black "Schekachikhin, Maksim"]
[Result "0-1"]
[WhiteElo "2418"]
[BlackElo "2389"]
[PlyCount "120"]
[EventDate "2020.??.??"]
[SourceDate "2020.02.15"]
1. Nf3 Nf6 2. c4 c5 3. Nc3 e6 4. g3 b6 5. Bg2 Bb7 6. d4 cxd4 7. Qxd4 Be7 8. O-O
d6 9. Rd1 a6 10. b3 Nbd7 11. Bb2 O-O 12. h3 Qc7 13. Rac1 Rac8 14. g4 h6 15. Qe3
Rfe8 16. g5 hxg5 17. Qxg5 Qc5 18. e3 Qc7 19. Ne2 e5 20. Qg3 Ne4 21. Qh2 f5 22.
Ng3 Rf8 23. Nd2 Bh4 24. Ndxe4 fxe4 25. Qh1 Nc5 26. Nxe4 Bxe4 27. Bxe4 Rxf2 28.
Rf1 Rcf8 29. Rxf2 Bxf2+ 30. Kh2 Bxe3 31. Bd5+ Kh8 32. Qd1 Qd7 33. Qh5+ Bh6 34.
Rc2 Nd3 35. Be4 Nf4 36. Qg4 Qxg4 37. hxg4 Ne6 38. Bf5 Re8 39. Re2 Kg8 40. Re1
Kf7 41. Rd1 Bf4+ 42. Kg2 Ke7 43. Rh1 b5 44. Bd3 Nc5 45. Be2 b4 46. Bd1 Rf8 47.
Rh3 Bd2 48. Bc2 Ne6 49. Rf3 Nf4+ 50. Kg1 Bc3 51. Bxc3 Ne2+ 52. Kf2 Rxf3+ 53.
Kxf3 Nxc3 54. g5 Nxa2 55. Ke3 Nc3 56. Bh7 a5 57. Bc2 Ke6 58. Kf3 d5 59. cxd5+
Kxd5 60. Ke3 e4 0-1

[Event "Superettan(Team Pelaro-Orgryte)"]
[Site "?"]
[Date "2020.02.02"]
[Round "6"]
[White "Agrest, Evgenij"]
[Black "Frisk Kockum, Anton"]
[Result "0-1"]
[WhiteElo "2583"]
[BlackElo "2357"]
[PlyCount "82"]
[EventDate "2020.??.??"]
1. Nf3 g6 2. c4 Bg7 3. d4 f5 4. Nc3 Nf6 5. Bf4 d6 6. e3 O-O 7. c5 Ne4 8. h4 h6
9. Qc2 Nxc3 10. bxc3 Nc6 11. Rd1 Kh8 12. d5 Ne5 13. Nd4 dxc5 14. Ne6 Bxe6 15.
dxe6 Qc8 16. Qb3 Rd8 17. h5 Rxd1+ 18. Kxd1 Ng4 19. Bg3 g5 20. Kc2 c6 21. Bd3 f4
22. exf4 gxf4 23. Bh4 b5 24. Bf5 Nf6 25. Qa3 Nd5 26. Qxc5 Qa6 27. a3 b4 28. Bd3
Qxa3 29. Qc4 Qxc3+ 30. Qxc3 Bxc3 31. Be4 Kg7 32. Bxd5 cxd5 33. Bxe7 Re8 34. Bc5
Rxe6 35. Bxa7 Re2+ 36. Kb1 Rb2+ 37. Kc1 Ra2 38. Kb1 Rb2+ 39. Kc1 Ra2 40. Rh4
Rxa7 41. Rg4+ Kh7 0-1

[Event "Superettan(Rock.,SthlmII-Rockaden,Umea)"]
[Site "?"]
[Date "2020.02.02"]
[Round "4"]
[White "Berovski, Krum"]
[Black "Malmstig, Erik"]
[Result "1-0"]
[WhiteElo "2338"]
[BlackElo "2206"]
[PlyCount "131"]
[EventDate "2020.??.??"]
1. d4 Nf6 2. c4 c5 3. d5 b5 4. cxb5 a6 5. bxa6 g6 6. Nc3 Bxa6 7. g3 d6 8. Bg2
Bg7 9. Nh3 Nbd7 10. O-O O-O 11. Qc2 Qa5 12. Bd2 Rfb8 13. Rab1 Ne5 14. b3 Ne8
15. a4 Qd8 16. Nf4 Rb7 17. h4 Nf6 18. Ne4 Nfd7 19. Bc3 Rab8 20. Ng5 Bf6 21. Be4
Qf8 22. Kg2 Qg7 23. Bd2 Nf8 24. Nf3 Nxf3 25. Bxf3 Nd7 26. Be4 Bd4 27. Rh1 Nf6
28. Bd3 Bxd3 29. Qxd3 h5 30. b4 Nd7 31. b5 Rc7 32. Rhc1 c4 33. Rxc4 Ne5 34.
Rxc7 Nxd3 35. Nxd3 Bb6 36. Rc4 e6 37. dxe6 fxe6 38. a5 Qb7+ 39. Rc6 Bd8 40. a6
Qa8 41. f3 Rb6 42. Rbc1 Rxb5 43. Be3 Rc5 44. Rxd6 Rxc1 45. Nxc1 Bc7 46. Rd7
Qxa6 47. Rxc7 Qa5 48. Rc8+ Kf7 49. Nd3 Qa2 50. Kf2 Qa1 51. Rc1 Qa5 52. Rc5 Qa1
53. Ne5+ Ke7 54. Nxg6+ Kd6 55. Rxh5 Qh1 56. Nf4 Qh2+ 57. Ng2 e5 58. Rg5 Kd5 59.
Bf4 Kd4 60. Rxe5 Qh1 61. h5 Kc3 62. h6 Kc2 63. Rc5+ Kb3 64. Rg5 Ka4 65. Rg4 Kb3
66. Rh4 1-0

[Event "Superettan(Team Pelaro-Orgryte)"]
[Site "?"]
[Date "2020.02.02"]
[Round "6"]
[White "Ziegler, Ari"]
[Black "Sorensen, Hampus"]
[Result "1-0"]
[WhiteElo "2305"]
[BlackElo "2384"]
[PlyCount "117"]
[EventDate "2020.??.??"]
1. e4 e5 2. Nf3 Nc6 3. Bb5 a6 4. Ba4 Nf6 5. O-O Be7 6. Re1 b5 7. Bb3 d6 8. c3
O-O 9. h3 Nb8 10. d4 Nbd7 11. Nbd2 Bb7 12. Bc2 Re8 13. Nf1 Bf8 14. Ng3 g6 15.
a4 c5 16. d5 c4 17. Bg5 Nc5 18. axb5 axb5 19. Rxa8 Bxa8 20. Nh2 Be7 21. Qf3 Kg7
22. h4 Ng8 23. Bxe7 Qxe7 24. h5 Bb7 25. Ra1 Qg5 26. Ng4 Ra8 27. Rxa8 Qc1+ 28.
Bd1 Bxa8 29. h6+ Kf8 30. Ne3 Bb7 31. Ngf5 gxf5 32. Qxf5 Nxh6 33. Qf6 Nxe4 34.
Qxh6+ Ke8 35. Qxh7 Nf6 36. Qh8+ Ke7 37. Qb8 Bxd5 38. Qc7+ Kf8 39. Qxd6+ Kg7 40.
Qxe5 Qb1 41. Qg5+ Qg6 42. Nf5+ Kf8 43. Qxg6 fxg6 44. Nd4 Nd7 45. Nxb5 Nc5 46.
Bc2 Nd3 47. Nd4 Nxb2 48. Bxg6 Na4 49. Ne2 Ke7 50. Bc2 Nc5 51. f3 Kf6 52. Kf2
Ke5 53. Ke3 Be6 54. g4 Bd5 55. f4+ Kd6 56. g5 Nd7 57. Ng3 Bg8 58. Ne4+ Kc6 59.
Bd1 1-0

[Event "Superettan(Rock.,SthlmII-Rockaden,Umea)"]
[Site "?"]
[Date "2020.02.02"]
[Round "4"]
[White "Lindgren, Fredrik"]
[Black "Engqvist, Thomas"]
[Result "1/2-1/2"]
[WhiteElo "2266"]
[BlackElo "2325"]
[PlyCount "115"]
[EventDate "2020.??.??"]
1. d4 Nf6 2. Nf3 g6 3. c4 Bg7 4. Nc3 O-O 5. e4 d6 6. Be2 e5 7. Be3 Ng4 8. Bg5
f6 9. Bh4 Nc6 10. d5 Ne7 11. Nd2 Nh6 12. b4 g5 13. Bg3 Ng6 14. O-O Nf4 15. Rc1
f5 16. exf5 Nxf5 17. Nde4 a5 18. a3 axb4 19. axb4 Ra3 20. Kh1 Nd4 21. Bg4 Bxg4
22. Qxg4 h5 23. Qxg5 Qxg5 24. Nxg5 Nd3 25. Nb1 Ra1 26. Rcd1 Nb2 27. Rde1 Nd3
28. Rd1 Nb2 29. Rde1 Nxc4 30. Rc1 b5 31. Nc3 Rxc1 32. Rxc1 Bh6 33. h4 Bxg5 34.
hxg5 Ra8 35. Nxb5 Nxb5 36. Rxc4 Ra1+ 37. Kh2 Rd1 38. f4 exf4 39. Bxf4 Rxd5 40.
g4 hxg4 41. Kg3 Rd4 42. Rxd4 Nxd4 43. Kxg4 c5 44. Be3 Nb5 45. bxc5 dxc5 46.
Bxc5 Nc7 47. Kf5 Ne8 48. Bd4 Ng7+ 49. Kf6 Nh5+ 50. Ke7 Ng3 51. Be5 Nf5+ 52. Kf6
Ng7 53. g6 Nh5+ 54. Kg5 Ng7 55. Bxg7 Kxg7 56. Kf5 Kg8 57. Kf6 Kh8 58. Kf7
1/2-1/2

[Event "Superettan(Team Pelaro-Orgryte)"]
[Site "?"]
[Date "2020.02.02"]
[Round "6"]
[White "Winsnes, Rikard"]
[Black "Torngren, Gustav"]
[Result "1-0"]
[WhiteElo "2372"]
[BlackElo "2277"]
[PlyCount "117"]
[EventDate "2020.??.??"]
1. e4 c5 2. Nf3 g6 3. d4 cxd4 4. Nxd4 Bg7 5. c4 Nc6 6. Be3 Nf6 7. Nc3 O-O 8.
Be2 d6 9. O-O Bd7 10. Qd2 Nxd4 11. Bxd4 Bc6 12. f3 Nd7 13. Bf2 a5 14. Rab1 Nc5
15. Rfc1 a4 16. b4 axb3 17. axb3 Ra3 18. Bd1 b6 19. b4 Nd7 20. Nd5 e6 21. Nc3
Qe7 22. Ne2 Ne5 23. Nd4 Bd7 24. Be2 Rb8 25. Ra1 Rxa1 26. Rxa1 Nc6 27. Rd1 Nxd4
28. Bxd4 Ba4 29. Ra1 Bc6 30. Bxg7 Kxg7 31. Rd1 d5 32. cxd5 exd5 33. exd5 Bxd5
34. Qb2+ Kg8 35. Rxd5 Qe3+ 36. Kf1 Rc8 37. Qd2 Qe7 38. g3 h5 39. Rd7 Qe6 40.
Rd8+ Rxd8 41. Qxd8+ Kh7 42. Qd4 Qh3+ 43. Kg1 Qe6 44. Kf2 Qh3 45. Bf1 Qe6 46.
Bc4 Qh3 47. Kg1 Qf5 48. Qd5 Qb1+ 49. Kg2 Qxb4 50. Qxf7+ Kh6 51. Qf4+ Kg7 52.
Qd4+ Kf8 53. Qf6+ Ke8 54. Qxg6+ Kd8 55. Qg5+ Kc7 56. Qe5+ Kd8 57. Be2 Qd2 58.
h4 Kc8 59. f4 1-0

[Event "Superettan(Rock.,SthlmII-Rockaden,Umea)"]
[Site "?"]
[Date "2020.02.02"]
[Round "4"]
[White "Eriksson, Dan"]
[Black "Nygren, David"]
[Result "1-0"]
[WhiteElo "2204"]
[BlackElo "2298"]
[PlyCount "105"]
[EventDate "2020.??.??"]
1. e4 e6 2. d4 d5 3. e5 c5 4. c3 Nc6 5. Nf3 Qb6 6. a3 Nh6 7. b4 cxd4 8. cxd4
Nf5 9. Be3 Be7 10. Bd3 Nxe3 11. fxe3 f5 12. O-O O-O 13. Nc3 Bd7 14. Na4 Qd8 15.
Nc5 Bxc5 16. bxc5 Be8 17. Rb1 Rb8 18. Ne1 Qg5 19. Qf3 Bh5 20. Qf2 Qe7 21. Bb5
Qc7 22. Qh4 Bg6 23. Qf4 Qa5 24. Rf2 a6 25. Bf1 b6 26. cxb6 Rxb6 27. Rxb6 Qxb6
28. Nd3 Qa5 29. Rc2 Qa4 30. Rc3 Rb8 31. Qf2 Rb6 32. Qe1 Bf7 33. Qc1 h6 34. Nc5
Qa5 35. Bd3 Ne7 36. h3 Rc6 37. Qb2 Rb6 38. Qc2 Rc6 39. Qb2 Rb6 40. Qc1 Rc6 41.
Kh2 Kh7 42. Bxa6 Ng6 43. Bd3 Qd8 44. a4 Nh4 45. Rc2 Qg5 46. Qe1 Qxg2+ 47. Rxg2
Nf3+ 48. Kg3 Nxe1 49. Rd2 Bh5 50. Be2 f4+ 51. exf4 Bg6 52. Bb5 Rb6 53. Nd7 1-0

[Event "Superettan(Team Pelaro-Orgryte)"]
[Site "?"]
[Date "2020.02.02"]
[Round "6"]
[White "Olsson, William"]
[Black "Andreasson, Ingvar"]
[Result "0-1"]
[WhiteElo "2284"]
[BlackElo "2327"]
[PlyCount "128"]
[EventDate "2020.??.??"]
1. c4 Nf6 2. Nc3 g6 3. g3 Bg7 4. Bg2 O-O 5. e4 c5 6. Nge2 Nc6 7. O-O Ne8 8. Rb1
b6 9. d3 Nc7 10. Be3 Ne6 11. f4 Bb7 12. a3 d6 13. Kh1 Ned4 14. Ng1 e6 15. b4
Qd7 16. b5 Ne7 17. Nce2 f5 18. Nxd4 cxd4 19. Bf2 fxe4 20. dxe4 e5 21. Nh3 h6
22. Qd3 Rac8 23. Be1 Qe6 24. Rc1 Rc7 25. Rf2 Kh8 26. Kg1 Ng8 27. Rfc2 Nf6 28.
fxe5 dxe5 29. Nf2 Nd7 30. Bb4 Nc5 31. Bxc5 bxc5 32. Qe2 h5 33. Nd3 Bh6 34. Rb1
Qd6 35. h3 Rcf7 36. a4 Be3+ 37. Kh2 h4 38. gxh4 Rh7 39. Qe1 Qf6 40. Nxc5 Bc8
41. Nd3 Rxh4 42. a5 Rf7 43. Qg3 Rfh7 44. Rf1 Rxh3+ 45. Qxh3 Bf4+ 46. Nxf4 exf4
47. Qxh7+ Kxh7 48. c5 d3 49. Ra2 Qe5 50. Bf3 Be6 51. Raa1 Qb2+ 52. Kg1 Qxb5 53.
Rfc1 d2 54. Rc3 Qb4 55. Raa3 Qd4+ 56. Kg2 d1=Q 57. Bxd1 Qxd1 58. c6 Qe2+ 59.
Kg1 Qxe4 60. c7 Qe1+ 61. Kg2 Qe2+ 62. Kg1 Bd5 63. Rh3+ Kg7 64. c8=Q Qg2# 0-1

[Event "Superettan(Orgryte-Kamraterna)"]
[Site "?"]
[Date "2020.02.01"]
[Round "5"]
[White "Fransson, Patrick"]
[Black "Svenn, Matti"]
[Result "0-1"]
[WhiteElo "2150"]
[BlackElo "2183"]
[PlyCount "68"]
[EventDate "2020.??.??"]
1. d4 d5 2. Bg5 h6 3. Bh4 Nf6 4. e3 e6 5. Nd2 c5 6. c3 Nc6 7. f4 Qb6 8. Rb1
cxd4 9. exd4 Bd6 10. Qf3 Qc7 11. Nh3 Bd7 12. Bd3 O-O-O 13. Bf2 Kb8 14. b4 Ne7
15. Rb3 Bc8 16. a4 Nd7 17. a5 f6 18. Kd1 g5 19. b5 Rhg8 20. Qe2 gxf4 21. Kc2 b6
22. Ra1 e5 23. c4 Rxg2 24. Kb2 Rxh2 25. c5 Nxc5 26. dxc5 Bxc5 27. axb6 axb6 28.
Nf3 Rxh3 29. Bxc5 Qxc5 30. Rc1 Qd6 31. Qf2 Bb7 32. Rc6 Nxc6 33. bxc6 Qxc6 34.
Rxb6 Rxf3 0-1

[Event "Superettan(Kungstornet-Rockaden, Umea)"]
[Site "?"]
[Date "2020.02.01"]
[Round "5"]
[White "Aronsson, Marten"]
[Black "Larsson, Johan"]
[Result "1/2-1/2"]
[WhiteElo "2219"]
[BlackElo "2194"]
[PlyCount "58"]
[EventDate "2020.??.??"]
1. d4 d5 2. Nf3 e6 3. g3 c5 4. Bg2 Nc6 5. O-O Nf6 6. c4 Be7 7. cxd5 exd5 8. Nc3
O-O 9. dxc5 Bxc5 10. Bg5 d4 11. Bxf6 Qxf6 12. Ne4 Qe7 13. Nxc5 Qxc5 14. Qd2 Bg4
15. h3 Bh5 16. Rac1 Qb6 17. g4 Bg6 18. Nh4 Rfe8 19. Nxg6 hxg6 20. Rc4 Rad8 21.
Bxc6 bxc6 22. Rfc1 Re6 23. b3 Rd5 24. Qd3 g5 25. Qc2 Rde5 26. Rxc6 Rxc6 27.
Qxc6 Qxc6 28. Rxc6 Rxe2 29. Rd6 Rxa2 1/2-1/2

[Event "Superettan(Kristallen-Rockaden,SthlmII)"]
[Site "?"]
[Date "2020.02.01"]
[Round "5"]
[White "Gamback, Bjorn"]
[Black "Eriksson, Dan"]
[Result "1-0"]
[WhiteElo "2122"]
[BlackElo "2204"]
[PlyCount "37"]
1. e4 e5 2. Nf3 Nc6 3. Bc4 Bc5 4. c3 Nf6 5. d4 exd4 6. cxd4 Bb4+ 7. Bd2 Bxd2+
8. Nbxd2 d5 9. exd5 Nxd5 10. O-O O-O 11. Rc1 Nb6 12. Bb3 Nxd4 13. Nxd4 Qxd4 14.
Rxc7 Bg4 15. Nf3 Qf4 16. Rxb7 Rad8 17. Rxf7 Qxf7 18. Bxf7+ Kxf7 19. Ng5+ 1-0

[Event "Superettan(Orgryte-Kamraterna)"]
[Site "?"]
[Date "2020.02.01"]
[Round "5"]
[White "Andersson, Johan"]
[Black "Kumar, Rahul"]
[Result "0-1"]
[WhiteElo "2142"]
[BlackElo "2151"]
[PlyCount "80"]
[EventDate "2020.??.??"]
1. e4 g6 2. d4 Bg7 3. Nc3 d6 4. Be3 a6 5. Qd2 Nd7 6. f3 b5 7. a4 b4 8. Nd1 Rb8
9. a5 c5 10. c3 Qc7 11. cxb4 Rxb4 12. dxc5 dxc5 13. Bxc5 Qxc5 14. Rc1 Bh6 15.
Qxd7+ Kxd7 16. Rxc5 Nf6 17. e5 Nh5 18. g3 Bb7 19. Bc4 e6 20. Bd3 Rd8 21. Ke2
Ke8 22. Rc3 Bg7 23. Rc5 Rd7 24. Bc2 Bf8 25. Rc3 Rd5 26. Be4 Rxe5 27. Re3 Bxe4
28. fxe4 Rxa5 29. Nf3 Bc5 30. Rc3 Rxe4+ 31. Kd3 Rb4 32. Re1 Bd6 33. Re2 Rf5 34.
Kc2 Nf6 35. Rd3 Rd5 36. Nc3 Rxb2+ 37. Kxb2 Rxd3 38. Ne1 Rd4 39. Nc2 Rc4 40. Kb3
Rc5 0-1

[Event "Superettan(Kungstornet-Rockaden, Umea)"]
[Site "?"]
[Date "2020.02.01"]
[Round "5"]
[White "Krantz, Christopher"]
[Black "Henriksson, Johan"]
[Result "1/2-1/2"]
[WhiteElo "2201"]
[BlackElo "2265"]
[PlyCount "61"]
[EventDate "2020.??.??"]
1. d4 d5 2. Bf4 e6 3. e3 Bd6 4. Bg3 Nf6 5. Nd2 O-O 6. Ngf3 b6 7. c3 c5 8. Bd3
Nc6 9. Qe2 Qc7 10. e4 dxe4 11. Nxe4 Nxe4 12. Bxe4 f5 13. Bxc6 Qxc6 14. Bxd6
Qxd6 15. dxc5 bxc5 16. Rd1 Qc6 17. O-O Ba6 18. c4 Bb7 19. Rfe1 Rf6 20. Qe5 Rg6
21. Re3 Rf8 22. Rd6 Qa4 23. Nh4 Rgf6 24. b3 Qxa2 25. Rxe6 f4 26. Rxf6 Rxf6 27.
Qe8+ Rf8 28. Qe6+ Rf7 29. Qe8+ Rf8 30. Qe6+ Rf7 31. Qe8+ 1/2-1/2

[Event "Superettan(Kristallen-Rockaden,SthlmII)"]
[Site "?"]
[Date "2020.02.01"]
[Round "5"]
[White "Nikolic, Vladan"]
[Black "Hedstrom, Johan"]
[Result "1-0"]
[WhiteElo "2201"]
[BlackElo "2060"]
[PlyCount "119"]
1. d4 f5 2. Nc3 d5 3. Bf4 c6 4. e3 Nf6 5. Bd3 e6 6. Nge2 Bd6 7. O-O O-O 8. f3
Qc7 9. Qd2 e5 10. dxe5 Bxe5 11. Nd1 Bxf4 12. Nxf4 Qe7 13. c4 Be6 14. cxd5 Nxd5
15. Nxe6 Qxe6 16. Bc4 Kh8 17. Re1 Qd7 18. Bxd5 Qxd5 19. Qxd5 cxd5 20. Nc3 Nc6
21. Nxd5 g6 22. Rad1 Rad8 23. Kf2 Kg7 24. Rd2 Nb4 25. Red1 Rxd5 26. Rxd5 Nxd5
27. Rxd5 Rf7 28. Ke2 Rc7 29. Kd2 Kf6 30. a4 Ke6 31. Rd4 Ke7 32. h4 Ke6 33. b3
Ke7 34. Rc4 Rd7+ 35. Ke2 Ke6 36. b4 b6 37. g4 fxg4 38. Rxg4 Rc7 39. Kd3 Rc1 40.
Rc4 Ra1 41. b5 Kd7 42. Ke4 Ra3 43. Kf4 h6 44. e4 Rb3 45. Rc6 g5+ 46. hxg5 hxg5+
47. Kxg5 Rxf3 48. Rf6 Rg3+ 49. Kf4 Rg7 50. Ke5 Kc7 51. Ke6 Rg1 52. Rf7+ Kb8 53.
Rd7 Rb1 54. Rd4 a6 55. bxa6 Ka7 56. e5 Kxa6 57. Kd7 b5 58. axb5+ Kxb5 59. e6
Kc5 60. Rd2 1-0

[Event "Superettan(Orgryte-Kamraterna)"]
[Site "?"]
[Date "2020.02.01"]
[Round "5"]
[White "Eksmyr, Johan"]
[Black "Madebrink, Lars"]
[Result "0-1"]
[WhiteElo "2155"]
[BlackElo "2111"]
[PlyCount "74"]
[EventDate "2020.??.??"]
1. d4 d5 2. Bf4 Nf6 3. e3 c5 4. Nc3 a6 5. Nf3 e6 6. Ne5 Nc6 7. Be2 Bd6 8. Bg3
Qc7 9. f4 b6 10. Bf3 Bb7 11. Ne2 O-O 12. O-O Ne7 13. Bf2 cxd4 14. exd4 Ne4 15.
c3 f6 16. Nd3 Ng6 17. g3 e5 18. Be3 Rae8 19. fxe5 fxe5 20. dxe5 Nxe5 21. Nxe5
Bxe5 22. Bxe4 dxe4 23. Qb3+ Kh8 24. Qxb6 Qc8 25. Qc5 Qb8 26. Rxf8+ Rxf8 27. Rf1
Rf3 28. Rxf3 exf3 29. Nf4 Qe8 30. Kf2 Bxf4 31. gxf4 h6 32. Qf5 Be4 33. Qe5 Qg6
34. Ke1 Bc6 35. f5 Qg2 36. Bf2 Bb5 37. c4 Bxc4 0-1

[Event "Superettan(Kungstornet-Rockaden, Umea)"]
[Site "?"]
[Date "2020.02.01"]
[Round "5"]
[White "Larsson, Anders"]
[Black "Mardell, Jimmy"]
[Result "1/2-1/2"]
[WhiteElo "2196"]
[BlackElo "2138"]
[PlyCount "155"]
[EventDate "2020.??.??"]
1. d4 Nf6 2. Nf3 e6 3. g3 c5 4. Bg2 d5 5. O-O cxd4 6. Nxd4 Be7 7. c4 O-O 8.
cxd5 Nxd5 9. e4 Nb4 10. Nc3 N8c6 11. Nxc6 Nxc6 12. Be3 Qa5 13. Qa4 Bd7 14. Qxa5
Nxa5 15. Rfd1 Rfd8 16. Bf1 Nc6 17. Be2 Be8 18. Rac1 Bf6 19. f4 Bd4 20. Kf2 a6
21. Bf3 f6 22. h4 e5 23. Nd5 Rd6 24. Nc7 Rc8 25. Nxe8 Rxe8 26. Bxd4 Nxd4 27.
Rc7 Rb6 28. b3 Ne6 29. Rcd7 exf4 30. Be2 fxg3+ 31. Kf3 h6 32. Bc4 Kh8 33. Kxg3
Nc5 34. Rd8 Rxd8 35. Rxd8+ Kh7 36. Bg8+ Kh8 37. Bd5+ Kh7 38. Re8 h5 39. Bg8+
Kg6 40. Bd5 Rd6 41. Re7 f5 42. Kf4 fxe4 43. Ke5 Rd8 44. Bxe4+ Nxe4 45. Kxe4 Rd2
46. Rxb7 Rxa2 47. Rb6+ Kh7 48. Kf3 g6 49. Kg3 Kg7 50. b4 Ra3+ 51. Kg2 Kf7 52.
Kh2 a5 53. bxa5 Rxa5 54. Kg3 Ra4 55. Kh3 Ra3+ 56. Kh2 Re3 57. Ra6 Re6 58. Ra2
Kf6 59. Rf2+ Ke5 60. Kg3 Rb6 61. Re2+ Kf5 62. Rf2+ Ke4 63. Re2+ Kd4 64. Re8
Rb3+ 65. Kf4 Rh3 66. Rd8+ Kc5 67. Kg5 Rg3+ 68. Kf6 Rg4 69. Rg8 Rxh4 70. Rxg6
Rh1 71. Rh6 h4 72. Kg5 h3 73. Kg4 Rg1+ 74. Kf3 Rh1 75. Rh5+ Kd4 76. Kg3 h2 77.
Rxh2 Rxh2 78. Kxh2 1/2-1/2

[Event "Superettan(Kristallen-Rockaden,SthlmII)"]
[Site "?"]
[Date "2020.02.01"]
[Round "5"]
[White "Lindfors, Tom"]
[Black "Alarik, Martin"]
[Result "1/2-1/2"]
[WhiteElo "2092"]
[BlackElo "2088"]
[PlyCount "104"]
1. e4 c5 2. Nf3 e6 3. d4 cxd4 4. Nxd4 a6 5. Nc3 Qc7 6. Be3 Nf6 7. Qf3 Bb4 8.
Bd2 d5 9. exd5 Qe5+ 10. Qe3 Qxe3+ 11. fxe3 exd5 12. O-O-O O-O 13. h3 Re8 14.
Nf3 Nc6 15. Re1 Ne5 16. e4 Nxf3 17. gxf3 dxe4 18. Nxe4 Bxd2+ 19. Kxd2 Nxe4+ 20.
fxe4 Bd7 21. Bc4 Bc6 22. Rhf1 Rad8+ 23. Kc3 Rd7 24. Rf4 Rde7 25. Ref1 Rf8 26.
Bd5 Bxd5 27. exd5 Re3+ 28. Kd4 Rxh3 29. c4 Rh2 30. R1f2 Rh1 31. Kc5 f6 32. Kb6
Rf7 33. Re4 g5 34. Re8+ Kg7 35. Rb8 g4 36. Rxb7 h5 37. d6 Rd1 38. Rxf7+ Kxf7
39. Kc7 g3 40. Rg2 h4 41. c5 f5 42. c6 f4 43. d7 h3 44. Rg1 Rxg1 45. d8=Q h2
46. Qd7+ Kf6 47. Qd4+ Kg5 48. Qe5+ Kg4 49. Qe6+ Kg5 50. Qe5+ Kg4 51. Qe6+ Kg5
52. Qe5+ Kg4 1/2-1/2

[Event "Superettan(Upsala-Vasteras II)"]
[Site "?"]
[Date "2020.02.01"]
[Round "5"]
[White "Eriksson, Anders"]
[Black "Johansson, Jan"]
[Result "1/2-1/2"]
[WhiteElo "2224"]
[BlackElo "2311"]
[PlyCount "120"]
[EventDate "2020.??.??"]
1. Nf3 d5 2. g3 Bg4 3. Bg2 Nd7 4. d4 e6 5. c4 c6 6. Nbd2 Ngf6 7. O-O Bd6 8. b3
O-O 9. Bb2 Qb8 10. Re1 e5 11. dxe5 Nxe5 12. cxd5 cxd5 13. Nxe5 Bxe5 14. Bxe5
Qxe5 15. Nf3 Bxf3 16. Bxf3 Rac8 17. Qd3 Rc3 18. Qb5 b6 19. Rad1 h5 20. Qa4 Rc7
21. Qd4 Qxd4 22. Rxd4 Rd7 23. e4 Re7 24. e5 Rfe8 25. Bxd5 Rxe5 26. Rxe5 Rxe5
27. Bc4 Re7 28. Rd8+ Re8 29. Rd6 Re7 30. Kg2 Nd7 31. f4 Kh7 32. Kf3 g6 33. Rc6
Nc5 34. b4 Ne4 35. Bd3 Nd2+ 36. Kf2 Kg7 37. a3 Rd7 38. Ke3 Nb3 39. Rc4 Re7+ 40.
Re4 Rc7 41. Rc4 Re7+ 42. Kf2 Rd7 43. Ke2 Re7+ 44. Re4 Rc7 45. Rc4 Re7+ 46. Kf2
Rd7 47. Rc3 Nd4 48. Ke3 Nf5+ 49. Bxf5 gxf5 50. Rd3 Re7+ 51. Kd4 h4 52. gxh4
Re4+ 53. Kd5 Rxf4 54. Ke5 Rxh4 55. Rg3+ Kf8 56. h3 f4 57. Rc3 Kg7 58. Kf5 a5
59. Kg5 axb4 60. axb4 Rh6 1/2-1/2

[Event "Superettan(Team Pelaro-Schack 08)"]
[Site "?"]
[Date "2020.02.01"]
[Round "5"]
[White "Laveryd, Peter"]
[Black "Agrest, Evgenij"]
[Result "1/2-1/2"]
[WhiteElo "2362"]
[BlackElo "2583"]
[PlyCount "94"]
[EventDate "2020.??.??"]
1. e4 c6 2. Nc3 d5 3. Nf3 dxe4 4. Nxe4 Nf6 5. Qe2 Na6 6. Nxf6+ gxf6 7. d3 Bg4
8. h3 Bxf3 9. Qxf3 Nb4 10. Qe2 Qd6 11. a3 Nd5 12. g3 h5 13. h4 e6 14. Bg2 Bh6
15. Bxh6 Rxh6 16. O-O-O f5 17. Bf3 Nf6 18. Qe3 Rg6 19. Rhe1 Kd7 20. d4 Ng4 21.
Bxg4 Rxg4 22. Qh6 Rag8 23. Rd3 Kc8 24. Red1 Qd8 25. Kb1 R8g6 26. Qd2 f4 27. c4
fxg3 28. d5 exd5 29. cxd5 Rd6 30. fxg3 Rxd5 31. Qe3 b6 32. Rxd5 cxd5 33. Qf3
Qd7 34. Rxd5 Rxg3 35. Qxh5 Rg1+ 36. Ka2 Qe6 37. Qh8+ Kb7 38. Qe5 Kc6 39. Qxe6+
fxe6 40. Rg5 Rh1 41. h5 Rh2 42. a4 a5 43. Re5 Kd6 44. Rb5 Kc6 45. Kb1 Re2 46.
Kc1 e5 47. h6 Rh2 1/2-1/2